000 00980nam a2200265Ia 4500
003 OSt
005 20221005111818.0
006 a|||||r|||| 00| 0
007 ta
008 221004b |||||||| |||| 00| 0 hin d
020 _cIndian Rupees 50.00
024 _a27984
037 _bGift, 24/10/2016,
_cTextual
040 _aCRL
_cCRL
_bhin
041 _2hin
_ahin
082 _aO152,6M84:g, P8
100 _aरामेंद्र, पाण्डेय
245 0 _aआचार्य महावीर प्रसाद द्विवेदी
246 _aĀchārya mahāvīr prasād dvivedī
260 _aलखनऊ
_bउत्तर प्रदेश हिंदी संस्थान भारत
_c2008
300 _a112पृ0
_ccm.
650 _aहिन्दी साहित्य
942 _hO152,6M84:g, P8
_cTEXL
_2cc
999 _c1022992
_d1022992